Serious creativity : using the power of lateral thinking to create new ideas

Bibliographic Details
Main Author: De Bono, Edward
Format: Book
Published: New York : Harper Collins , 1993
Subjects:

MARC

LEADER 00000cam a2200000 7i4500
001 0000001621
002 000001769
005 20000330.0
020 |a 0887306357 
090 0 0 |a 153.35   |b DEB 
100 1 |a De Bono, Edward   |f Dr 
245 1 0 |a Serious creativity :   |b using the power of lateral thinking to create new ideas   |c Edward De Bono 
260 |a New York :   |b Harper Collins ,   |c 1993 
300 |a 338p. ;   |c 20cm. 
650 0 0 |a Creative thinking 
650 0 0 |a Lateral thinking 
999 |a 034533   |b BUKU   |c PINJAMAN   |e PERPUSTAKAAN KOMUNITI PETALING JAYA